000 00335nam a2200157Ia 4500
003 0STCL
008 150530s9999 xx 000 0 und d
040 _aSTCL
_cSTCL
100 _aChesterton, G.K.
245 _aBernard Shaw
260 _c1925
546 _aEnglish
942 _2ddc
_cBK
999 _c52648
_d52648
005 20220125170902.0